Catálogo

La conciencia : (Registro nro. 14384)

Detalles MARC
000 -LEADER
fixed length control field 00835cam a2200253 i 4500
001 - CONTROL NUMBER
control field 14384
003 - CONTROL NUMBER IDENTIFIER
control field Mx-PuUPA
005 - DATE AND TIME OF LATEST TRANSACTION
control field 20250722082515.0
008 - FIXED-LENGTH DATA ELEMENTS--GENERAL INFORMATION
fixed length control field 140415s1994 mx gr 000 e spa d
020 ## - INTERNATIONAL STANDARD BOOK NUMBER
International Standard Book Number 9686683119
040 ## - CATALOGING SOURCE
Original cataloging agency Mx-PuUPA
Language of cataloging spa
Transcribing agency Mx-PuUPA
Modifying agency Mx-PuUPA
Description conventions rda
041 0# - LANGUAGE CODE
Language code of text/sound track or separate title spa
100 1# - MAIN ENTRY--PERSONAL NAME
Personal name Gutiérrez Godínez, Fernando,
Relator term autor
9 (RLIN) 13016
245 13 - TITLE STATEMENT
Title La conciencia :
Remainder of title ¿eclipse ó despertar? /
Statement of responsibility, etc. Fernando Gutiérrez Godínez
264 #1 - PRODUCTION, PUBLICATION, DISTRIBUTION, MANUFACTURE, AND COPYRIGHT NOTICE
Place of production, publication, distribution, manufacture Puebla, Puebla :
Name of producer, publisher, distributor, manufacturer Universidad Popular Autónoma del Estado de Puebla,
Date of production, publication, distribution, manufacture, or copyright notice 1994
300 ## - PHYSICAL DESCRIPTION
Extent 195 páginas ;
Dimensions 21 cm
336 ## - CONTENT TYPE
Fuente rdacontent
Content type term texto
Content type code txt
337 ## - MEDIA TYPE
Source rdamedia
Media type term sin medio
Media type code n
338 ## - CARRIER TYPE
Source rdacarrier
Carrier type term volumen
Carrier type code nc
650 #7 - SUBJECT ADDED ENTRY--TOPICAL TERM
Source of heading or term armarc
Topical term or geographic name entry element Conciencia (Moral)
942 ## - ADDED ENTRY ELEMENTS (KOHA)
Source of classification or shelving scheme Dewey Decimal Classification
Classification part 171.6
Item part G983
Koha item type Libro
Existencias
Withdrawn status Lost status Source of classification or shelving scheme Damaged status Not for loan Collection code Home library Current library Shelving location Date acquired Source of acquisition Total Checkouts Full call number Barcode Date last seen Price effective from Koha item type Date last checked out Copy number
    Dewey Decimal Classification     General Angelópolis Angelópolis Sala general 06/12/2023     171.6 G983 1994 965000000096 06/12/2023 06/12/2023 Libro    
    Dewey Decimal Classification     General Angelópolis Angelópolis Sala general 13/03/2024     171.6 G983 1994 965000000229 13/03/2024 13/03/2024 Libro    
    Dewey Decimal Classification     General Atlixco Atlixco Sala general 13/03/2024     171.6 G983 1994 962000000016 13/03/2024 13/03/2024 Libro    
    Dewey Decimal Classification   Consulta en sala UPAEP Biblioteca Karol Wojtyla Biblioteca Karol Wojtyla Sala "Colecciones Especiales" 03/12/2013 Compra   171.6 G983 1994 31523 05/01/2026 03/12/2013 Libro    
  Extraviado Dewey Decimal Classification       Biblioteca Karol Wojtyla Biblioteca Karol Wojtyla   03/12/2013 Compra   171.6 GUT 40540   03/12/2013 Libro    
    Dewey Decimal Classification     General Biblioteca Karol Wojtyla Biblioteca Karol Wojtyla Sala general 03/12/2013 Compra 2 171.6 G983 1994 31524 05/01/2026 22/08/2016 Libro 22/10/2019 Ej.2
    Dewey Decimal Classification     General Cholula Cholula Sala general 12/03/2024     171.6 G983 1994 964000000044 12/03/2024 12/03/2024 Libro    
    Dewey Decimal Classification     General Huamantla Huamantla Sala general 13/03/2024     171.6 G983 1994 967000000021 13/03/2024 13/03/2024 Libro    
    Dewey Decimal Classification     General Lomas de Angelópolis Lomas de Angelópolis Sala general 12/03/2024     171.6 G983 1994 216400000097 12/03/2024 12/03/2024 Libro    
    Dewey Decimal Classification     General Preparatoria Sur Preparatoria Sur Sala general 12/03/2024     171.6 G983 1994 961000000042 12/03/2024 12/03/2024 Libro    
    Dewey Decimal Classification     General San Martín San Martín Sala general 13/03/2024     171.6 G983 1994 963000000019 13/03/2024 13/03/2024 Libro    
    Dewey Decimal Classification     General Santa Ana Santa Ana Sala general 13/03/2024     171.6 G983 1994 966000000022 13/03/2024 13/03/2024 Libro    
    Dewey Decimal Classification     General Tehuacán Tehuacán Sala general 03/12/2013 Compra   171.6 G983 1994 968000002961 08/01/2025 03/12/2013 Libro   Ej.3
    Dewey Decimal Classification     General Tehuacán Tehuacán Sala general 03/12/2013 Compra   171.6 G983 1994 968000003066 08/01/2025 03/12/2013 Libro   Ej.4
    Dewey Decimal Classification     General Tehuacán Tehuacán Sala general 06/06/2024     171.6 G983 1994 968000002486 08/01/2025 06/06/2024 Libro